Money disbursements of wage earners and clerical workers in the North Atlantic region, 1934-36, (Record no. 36290)
[ view plain ]
| 000 -LEADER | |
|---|---|
| fixed length control field | 01525cam a22003131 4500 |
| 001 - CONTROL NUMBER | |
| control field | l 39000049 |
| 003 - CONTROL NUMBER IDENTIFIER | |
| control field | DLC |
| 005 - DATE AND TIME OF LATEST TRANSACTION | |
| control field | 20260227111536.0 |
| 008 - FIXED-LENGTH DATA ELEMENTS--GENERAL INFORMATION | |
| fixed length control field | 790427s1939 dcua f000 0 eng c |
| 010 ## - LIBRARY OF CONGRESS CONTROL NUMBER | |
| LC control number | l 39000049 |
| 035 ## - SYSTEM CONTROL NUMBER | |
| System control number | (OCoLC)4903104 |
| 040 ## - CATALOGING SOURCE | |
| Original cataloging agency | U.S. Dept. of Labor. Libr. |
| Transcribing agency | WMUW |
| Modifying agency | WMUW |
| -- | OCoLC |
| -- | DLC |
| 050 00 - LIBRARY OF CONGRESS CALL NUMBER | |
| Classification number | HD8051 |
| Item number | .A62 no. 637 |
| 082 ## - DEWEY DECIMAL CLASSIFICATION NUMBER | |
| Classification number | 331.06173 |
| 100 1# - MAIN ENTRY--PERSONAL NAME | |
| Personal name | Williams, Faith M. |
| Fuller form of name | (Faith Moors), |
| Dates associated with a name | 1893- |
| 245 10 - TITLE STATEMENT | |
| Title | Money disbursements of wage earners and clerical workers in the North Atlantic region, 1934-36, |
| Statement of responsibility, etc. | by Faith M. Williams and Alice C. Hanson. |
| 260 ## - PUBLICATION, DISTRIBUTION, ETC. | |
| Place of publication, distribution, etc. | Washington, |
| Name of publisher, distributor, etc. | U.S. Govt. Print. Off., |
| Date of publication, distribution, etc. | 1939. |
| 300 ## - PHYSICAL DESCRIPTION | |
| Extent | 2 v. |
| Other physical details | tables, forms, diagrs. |
| Dimensions | 23 cm. |
| 490 0# - SERIES STATEMENT | |
| Series statement | U. S. Bureau of Labor Statistics. Bulletin, |
| Volume/sequential designation | no. 637 |
| 500 ## - GENERAL NOTE | |
| General note | At head of title: United States Department of Labor. Francis Perkins, Secretary. Bureau of Labor Statistics. Isador Lubin, Commissioner. |
| 500 ## - GENERAL NOTE | |
| General note | "This survey was made in cooperation with the Russell Sage Foundation, the New York State Temporary Relief Administration, and the Works Progress Administration."--Pref., v. 1. |
| 505 0# - FORMATTED CONTENTS NOTE | |
| Formatted contents note | v. 1. New York City.--v. 2. Eleven cities. |
| 650 #0 - SUBJECT ADDED ENTRY--TOPICAL TERM | |
| Topical term or geographic name entry element | Cost and standard of living |
| Geographic subdivision | United States. |
| 650 #0 - SUBJECT ADDED ENTRY--TOPICAL TERM | |
| Topical term or geographic name entry element | Cost and standard of living |
| Geographic subdivision | New York (State) |
| -- | New York. |
| 700 1# - ADDED ENTRY--PERSONAL NAME | |
| Personal name | Jones, Alice Hanson, |
| Dates associated with a name | 1904- |
| 710 2# - ADDED ENTRY--CORPORATE NAME | |
| Corporate name or jurisdiction name as entry element | Russell Sage Foundation |
| 710 1# - ADDED ENTRY--CORPORATE NAME | |
| Corporate name or jurisdiction name as entry element | New York (State). |
| Subordinate unit | Temporary Emergency Relief Administration. |
| 710 1# - ADDED ENTRY--CORPORATE NAME | |
| Corporate name or jurisdiction name as entry element | United States. |
| Subordinate unit | Work Projects Administration. |
No items available.